| 000 | 00704cam a22002171 4500 | ||
|---|---|---|---|
| 001 | he 66001488 | ||
| 003 | DLC | ||
| 005 | 20260227111441.0 | ||
| 008 | 740722s1966 is 000 0 eng | ||
| 010 | _ahe 66001488 | ||
| 035 | _a(OCoLC)958878 | ||
| 040 |
_aDLC _cOU _dOCoLC _dDLC |
||
| 050 | 0 | 0 |
_aPJ5059.E8 _bC6 |
| 082 | _a892.408 | ||
| 100 | 1 |
_aCohen, Israel, _d1905-1986, _eed. |
|
| 245 | 1 | 3 |
_aAn anthology of Hebrew essays, _cselected by Israel Cohen and B. Y. Michali. |
| 260 |
_aTel Aviv, _bInstitute for the Translation of Hebrew Literature, _c1966. |
||
| 300 |
_a2 v. (486 p.) _c24 cm. |
||
| 650 | 0 |
_aHebrew essays _vTranslations into English. |
|
| 700 | 1 |
_aMichaly, B. I., _d1910-1989, _ejoint ed. |
|
| 999 |
_c31915 _d31915 |
||